000
00325nam a2200121Ia 4500
008
210428s9999 xx 000 0 und d
082
_a
668.4 H2331 H
100
_a
Charles A.Harper
_9
52132
245
0
_a
Handbook of Plastics Elastomers &Composites
260
_b
Mc Graw-Hill
_a
New york
_c
2002
300
_a
884p
942
_c
BK
999
_c
560040
_d
560040